000 00193nam a22000977a 4500
082 _a823
_bUNK/J
100 _aUNKNOWN
245 _aJURRASIC PARK INSTITUTE
650 _aENGLISH STORY
942 _cBK
999 _c7672
_d7672